| 000 | 00735cam a2200217 a 4500 | ||
|---|---|---|---|
| 020 | _a0471119954 (acidfree paper) | ||
| 040 | _cDLC | ||
| 082 | 0 | 0 |
_a344 WIL 1995 A020 Or. _a347.3044603 |
| 100 | 1 | _aKing, James J. | |
| 245 | 1 | 4 |
_aThe environmental dictionary : _band regulatory cross reference / |
| 250 | _a3rd ed. | ||
| 260 |
_aNew York : _bWiley, _cc1995. |
||
| 300 |
_axviii, 1295 p. ; _c26 cm. |
||
| 650 | 0 | _aEnvironmental law | |
| 650 | 0 | _aEnvironmental protection | |
| 650 | 0 | _aPollution | |
| 856 | 4 | 2 | _uhttp://www.loc.gov/catdir/bios/wiley041/94040758.html |
| 856 | 4 | 2 | _uhttp://www.loc.gov/catdir/description/wiley032/94040758.html |
| 856 | 4 | 1 | _uhttp://www.loc.gov/catdir/enhancements/fy0608/94040758-t.html |
| 942 | _cEK | ||
| 999 |
_c12590 _d12590 |
||